[Event "Hastings Masters op 94th"]
[Site "Hastings"]
[Date "2019.01.03"]
[Round "7"]
[White "Sumit, Kumar1111"]
[Black "Gu, In Jung"]
[Result "0-1"]
[WhiteElo "2219"]
[BlackElo "1798"]
[PlyCount "58"]
[EventDate "2018.12.28"]
[EventType "swiss"]
[EventRounds "10"]
[EventCountry "ENG"]
[SourceTitle "CBM 188 Extra"]
[Source "ChessBase"]
[SourceDate "2019.02.26"]
[SourceVersion "1"]
[SourceVersionDate "2019.02.26"]
[SourceQuality "1"]

1. e4 g6 2. d4 Bg7 3. f4 d6 4. Nf3 a6 5. Bd3 c5 6. c3 cxd4 7. cxd4 Bg4 8. Qb3 Bxf3 9. gxf3 Bxd4 10. Qxb7 Ra7 11. Qb3 e5 12. h4 Nd7 13. Nc3 Nc5 14. Qc2 Ne7 15. Bc4 Rc7 16. Bd2 Qc8 17. Bf1 h5 18. Rc1 0-0 19. f5 Nd7 20. Bh3 Qb7 21. Bg5 f6 22. Bh6 Rfc8 23. Bd2 gxf5 24. Bh6 Kh8 25. Qd2 f4 26. Bxf4 exf4 27. Qxf4 Ng8 28. Qf5 Qxb2 29. Qxh5+ Kg7 0-1

[Event "Hastings Masters op 94th"]
[Site "Hastings"]
[Date "2019.01.01"]
[Round "5"]
[White "Rayner, Francis"]
[Black "Gu, In Jung"]
[Result "1/2-1/2"]
[WhiteElo "2048"]
[BlackElo "1798"]
[PlyCount "221"]
[EventDate "2018.12.28"]
[EventType "swiss"]
[EventRounds "10"]
[EventCountry "ENG"]
[SourceTitle "CBM 188 Extra"]
[Source "ChessBase"]
[SourceDate "2019.02.26"]
[SourceVersion "1"]
[SourceVersionDate "2019.02.26"]
[SourceQuality "1"]

1. e4 c5 2. Nf3 d6 3. d4 cxd4 4. Nxd4 Nf6 5. Nc3 a6 6. Bg5 e6 7. Be2 Nbd7 8. 0-0 Qc7 9. a4 Be7 10. Kh1 b6 11. Bd3 Bb7 12. Qe2 h6 13. Bd2 Nc5 14. f4 Nfd7 15. f5 e5 16. Nf3 Nf6 17. b4 Ncd7 18. Bc4 0-0 19. Bb3 a5 20. b5 Nc5 21. Nd5 Nxd5 22. Bxd5 Bxd5 23. exd5 Bf6 24. Be3 Rac8 25. Nd2 Rfe8 26. Ra2 Qe7 27. Nc4 Qc7 28. Nd2 Kf8 29. Qg4 Ke7 30. Re1 Kd7 31. h3 Qb7 32. Nc4 Ke7 33. Rd1 Rc7 34. Nd2 Rec8 35. c4 Nd7 36. Rc1 Rh8 37. Qh5 Rcc8 38. Ne4 Rc7 39. Rac2 Rhc8 40. Qf3 Bg5 41. Nxg5 hxg5 42. Bxg5+ f6 43. Be3 Rh8 44. Qg4 Rh7 45. Qg6 Nf8 46. Qg3 Nd7 47. Qf2 Rc8 48. Qf3 Nc5 49. Bxc5 Rxc5 50. Re2 Rc8 51. Re4 Qc7 52. Qf2 Rch8 53. Rg4 Kf8 54. Rc3 Rh5 55. Rcg3 R5h7 56. Kh2 Ke8 57. Rf3 Kf8 58. h4 Ke8 59. Rh3 Kf8 60. Re4 Ke8 61. g4 Kd8 62. Kg3 Kc8 63. Qe3 Qd8 64. Rh2 Kb7 65. h5 Qc7 66. Rc2 Rc8 67. Kf3 Qd7 68. Qf2 Rch8 69. Ke2 Qc8 70. Kd3 Qc7 71. Kc3 Rc8 72. Kb3 Rch8 73. Rc3 Rc8 74. Re1 Rch8 75. Qe3 Rh6 76. Rh1 R6h7 77. Rh3 Ka7 78. Rc2 Kb7 79. Rh4 Ka7 80. Rhh2 Kb7 81. Rhd2 Rc8 82. Rh2 Rch8 83. Qg1 Rh6 84. Rhg2 Rf8 85. Rc3 Rh7 86. Rcg3 Rc8 87. Rc2 Rf8 88. Rcc3 Ka7 89. Rh3 Rfh8 90. Rh4 Kb7 91. Rg3 Qc8 92. Qe3 Qd7 93. Qf3 Qc7 94. Qf2 Rc8 95. g5 Rf8 96. gxf6 Rxf6 97. Rhg4 Rxh5 98. Rxg7 Rf7 99. f6 Rh7 100. Qg1 Qd7 101. Rxh7 Rxh7 102. Rg7 Rxg7 103. Qxg7 Kc8 104. Qg8+ Kc7 105. Qg7 Kc8 106. f7 Qh3+ 107. Kc2 Qf5+ 108. Kd2 Qf2+ 109. Kd1 Qf1+ 110. Kd2 Qf2+ 111. Kd1 1/2-1/2

[Event "London Classic op"]
[Site "London"]
[Date "2017.12.09"]
[Round "9"]
[White "Ilfeld, Etan"]
[Black "Gu, In Jung"]
[Result "1-0"]
[WhiteElo "2186"]
[BlackElo "1664"]
[PlyCount "135"]
[EventDate "2017.12.02"]
[EventType "swiss"]
[EventRounds "9"]
[EventCountry "ENG"]
[SourceTitle "CBM 182 Extra"]
[Source "ChessBase"]
[SourceDate "2018.02.23"]
[SourceVersion "1"]
[SourceVersionDate "2018.02.23"]
[SourceQuality "1"]

1. e4 c5 2. Nf3 d6 3. d4 cxd4 4. Nxd4 Nf6 5. Nc3 a6 6. f3 e6 7. Be3 Be7 8. Qd2 0-0 9. g4 Qc7 10. g5 Nfd7 11. h4 b5 12. h5 b4 13. Nce2 Ne5 14. b3 Nbc6 15. Bg2 Bb7 16. 0-0 Rad8 17. Bh3 d5 18. f4 Nxd4 19. Nxd4 Nc6 20. e5 Nxd4 21. Bxd4 Bc5 22. Rf2 Bxd4 23. Qxd4 Qc3 24. Qxc3 bxc3 25. Bg2 Rd7 26. Rd1 a5 27. Rd4 Ra8 28. Rf3 Rc7 29. a4 Bc8 30. Rdd3 Ba6 31. Rxc3 Rac8 32. Rxc7 Rxc7 33. Rf2 Rc3 34. Rd2 Kf8 35. Kf2 Ke7 36. Bf3 f6 37. Bg4 fxe5 38. fxe5 Kf7 39. Kg2 Re3 40. Rf2+ Ke8 41. Bxe6 Rxe5 42. Bf7+ Kd7 43. g6 h6 44. Bg8 Be2 45. Rf7+ Ke8 46. Ra7 d4 47. Bc4 Bxh5 48. Bb5+ Kf8 49. Rxa5 Bxg6 50. Ra8+ Ke7 51. Ra7+ Kf6 52. Ra6+ Kg5 53. Bd3 Bxd3 54. cxd3 Re3 55. b4 Rxd3 56. b5 Kf4 57. Ra7 Ke3 58. a5 Rd2+ 59. Kg3 d3 60. b6 Rb2 61. Re7+ Kd4 62. b7 d2 63. Rd7+ Kc5 64. a6 Kc6 65. Rxd2 Rb3+ 66. Kg4 Kc7 67. Rc2+ Kb8 68. Rc8+ 1-0

[Event "Wch U14"]
[Site "Kemer"]
[Date "2009.11.15"]
[Round "4"]
[White "Moussard, Jules"]
[Black "Gu, In Jung"]
[Result "1-0"]
[WhiteElo "2364"]
[BlackElo "1710"]
[PlyCount "81"]
[EventDate "2009.11.12"]
[EventType "swiss"]
[EventRounds "11"]
[EventCountry "TUR"]
[SourceTitle "EXT 2010"]
[Source "ChessBase"]
[SourceDate "2010.11.25"]
[SourceVersion "1"]
[SourceVersionDate "2010.11.25"]
[SourceQuality "1"]

1. e4 c5 2. Nf3 d6 3. d4 cxd4 4. Qxd4 Nc6 5. Bb5 Bd7 6. Bxc6 Bxc6 7. Bg5 Nf6 8. Nc3 e5 9. Qd2 Be7 10. Bxf6 Bxf6 11. 0-0-0 Be7 12. Nd5 Bxd5 13. Qxd5 Qc7 14. c3 a6 15. Ne1 Rc8 16. Nc2 Qb6 17. Ne3 0-0 18. h4 g6 19. Qd2 Qd8 20. g3 Re8 21. Nd5 Rc6 22. h5 g5 23. h6 Kh8 24. f4 Rg8 25. Rdf1 Qf8 26. Rh5 exf4 27. Qd4+ f6 28. gxf4 g4 29. Rf5 Rg6 30. e5 dxe5 31. fxe5 Qxh6+ 32. Kb1 Bc5 33. Qe4 g3 34. Nf4 Rg4 35. Qd5 Qf8 36. exf6 Qg8 37. f7 Qf8 38. Qe5+ Rg7 39. Nh5 Rc8 40. Nxg7 Bd6 41. Qd5 1-0

[Event "Wch U14"]
[Site "Kemer"]
[Date "2009.11.12"]
[Round "1"]
[White "Gu, In Jung"]
[Black "Georgiadis, Nico"]
[Result "0-1"]
[WhiteElo "1710"]
[BlackElo "2098"]
[PlyCount "69"]
[EventDate "2009.11.12"]
[EventType "swiss"]
[EventRounds "11"]
[EventCountry "TUR"]
[SourceTitle "EXT 2010"]
[Source "ChessBase"]
[SourceDate "2010.11.25"]
[SourceVersion "1"]
[SourceVersionDate "2010.11.25"]
[SourceQuality "1"]

1. e4 e6 2. d4 d5 3. e5 c5 4. c3 Nc6 5. Nf3 Qb6 6. a3 cxd4 7. cxd4 Nh6 8. b4 Nf5 9. Bb2 Bd7 10. Be2 Rc8 11. 0-0 Be7 12. Kh1 h5 13. Nc3 Ncxd4 14. Nxd5 exd5 15. Nxd4 a6 16. Nxf5 Bxf5 17. Rc1 Rxc1 18. Qxc1 h4 19. Bf3 h3 20. Bxd5 Qb5 21. Rd1 Qe2 22. Bxb7 Rh6 23. e6 fxe6 24. Rd2 hxg2+ 25. Kg1 Qh5 26. Be5 Be4 27. Qc8+ Kf7 28. Bg3 Rh8 29. Qc7 Qb5 30. Qf4+ Kg8 31. Qb8+ Bf8 32. Bxa6 Qxa6 33. Rd1 Qb7 34. Qe5 Bd5 35. h4 0-1